[Event "San Pedro de la Paz-A"]
[Site "San Pedro de la Paz"]
[Date "2022.03.12"]
[Round "6"]
[White "Vasquez Toledo, Cristian"]
[Black "Farfan Ortiz, Enrique Alfredo"]
[Result "1-0"]
[WhiteElo "2154"]
[BlackElo "2121"]
[PlyCount "49"]
[EventDate "2022.03.07"]
[EventType "tourn"]
[EventRounds "9"]
[EventCountry "CHI"]
[SourceTitle "CBM 207 Extra"]
[Source "ChessBase"]
[SourceDate "2022.05.31"]
[SourceVersion "1"]
[SourceVersionDate "2022.05.31"]
[SourceQuality "1"]

1. e4 c5 2. Nf3 d6 3. d4 cxd4 4. Nxd4 Nf6 5. Nc3 a6 6. Be3 e6 7. f3 b5 8. Qd2 Nbd7 9. g4 Nb6 10. a4 b4 11. Na2 Nxa4 12. Nxb4 Nc5 13. Be2 Bb7 14. Nbc6 Qc7 15. Qa5 Qc8 16. b4 Ncd7 17. b5 axb5 18. Na7 Qd8 19. Qxb5 Qc7 20. Qa4 Be7 21. Nab5 Qb6 22. Qxa8+ Bxa8 23. Rxa8+ Bd8 24. Nf5 Qc6 25. Nbxd6+ 1-0

[Event "San Pedro de la Paz-A"]
[Site "San Pedro de la Paz"]
[Date "2022.03.10"]
[Round "4"]
[White "Farfan Ortiz, Enrique Alfredo"]
[Black "Estay Torreblanca, Oscar"]
[Result "1/2-1/2"]
[WhiteElo "2121"]
[BlackElo "2183"]
[PlyCount "66"]
[EventDate "2022.03.07"]
[EventType "tourn"]
[EventRounds "9"]
[EventCountry "CHI"]
[SourceTitle "CBM 207 Extra"]
[Source "ChessBase"]
[SourceDate "2022.05.31"]
[SourceVersion "1"]
[SourceVersionDate "2022.05.31"]
[SourceQuality "1"]

1. Nf3 Nf6 2. c4 g6 3. b3 Bg7 4. Bb2 c5 5. g3 0-0 6. Bg2 d6 7. d4 cxd4 8. Nxd4 d5 9. cxd5 Nxd5 10. 0-0 Nb4 11. Qd2 Qb6 12. Na3 Rd8 13. e3 N8c6 14. Nc4 Qc7 15. f4 Bf5 16. Rfd1 Nc2 17. Rac1 N2xd4 18. exd4 Bxd4+ 19. Bxd4 Rxd4 20. Qe3 Rxd1+ 21. Rxd1 Rd8 22. Rxd8+ Qxd8 23. Bxc6 bxc6 24. Qxa7 Qd1+ 25. Kf2 Qc2+ 26. Kf3 Qe4+ 27. Kf2 Qc2+ 28. Kf3 Qxh2 29. Qb8+ Kg7 30. Qe5+ Kh6 31. Ne3 Qh1+ 32. Kf2 Qh2+ 33. Kf3 Qh1+ 1/2-1/2

[Event "San Vicente Terminal-A"]
[Site "Concepcion"]
[Date "2021.11.14"]
[Round "4"]
[White "Farfan Ortiz, Victor"]
[Black "Farfan Ortiz, Enrique Alfredo"]
[Result "1-0"]
[WhiteElo "2099"]
[BlackElo "2168"]
[PlyCount "63"]
[EventDate "2021.11.13"]
[EventType "tourn"]
[EventRounds "5"]
[EventCountry "CHI"]
[SourceTitle "EXT 2023"]
[Source "ChessBase"]
[SourceDate "2022.10.05"]
[SourceVersion "1"]
[SourceVersionDate "2022.10.05"]
[SourceQuality "1"]

1. e4 c5 2. Nf3 e6 3. c4 Nc6 4. Nc3 Nf6 5. d4 cxd4 6. Nxd4 d6 7. Be3 Be7 8. Be2 0-0 9. 0-0 Nxd4 10. Qxd4 Bd7 11. Qd2 Bc6 12. f3 a6 13. Rfd1 Rb8 14. Ba7 Rc8 15. Be3 Nd7 16. Bf1 f5 17. exf5 Rxf5 18. Ne2 Ne5 19. Nd4 Rf6 20. Rac1 Rg6 21. Be2 Bf8 22. Nxc6 Rxc6 23. Qd4 Be7 24. c5 Bf6 25. Qb4 d5 26. Qxb7 Qe8 27. b4 Rc8 28. Qxa6 Ra8 29. Qb7 Rxa2 30. Rd2 Ra8 31. c6 Rc8 32. c7 1-0

[Event "Concepcion BioBio"]
[Site "Concepcion"]
[Date "2021.09.26"]
[Round "5"]
[White "Farfan Ortiz, Enrique Alfredo"]
[Black "Cruz Molina, Nicolas Dieter"]
[Result "1-0"]
[WhiteElo "2161"]
[BlackElo "2076"]
[PlyCount "55"]
[EventDate "2021.09.25"]
[EventType "tourn"]
[EventRounds "5"]
[EventCountry "CHI"]
[SourceTitle "EXT 2023"]
[Source "ChessBase"]
[SourceDate "2022.10.05"]
[SourceVersion "1"]
[SourceVersionDate "2022.10.05"]
[SourceQuality "1"]

1. c4 Nf6 2. Nf3 g6 3. b3 Bg7 4. Bb2 c6 5. g3 d5 6. Bg2 0-0 7. 0-0 Bg4 8. d3 Qc8 9. Re1 Rd8 10. Nbd2 a5 11. a3 Bxf3 12. Bxf3 d4 13. b4 Qh3 14. Bg2 Qf5 15. Nb3 Ng4 16. Rf1 axb4 17. axb4 Rxa1 18. Qxa1 e5 19. Qa7 Nd7 20. b5 cxb5 21. cxb5 Qe6 22. Nd2 b6 23. Nc4 Ngf6 24. Qc7 Rb8 25. Ra1 Bf8 26. Bc6 Be7 27. Ra7 Rd8 28. Ba3 1-0

[Event "Concepcion BioBio"]
[Site "Concepcion"]
[Date "2021.09.25"]
[Round "1"]
[White "Farfan Ortiz, Enrique Alfredo"]
[Black "Caceres Leal, Jaime"]
[Result "0-1"]
[WhiteElo "2161"]
[BlackElo "2118"]
[PlyCount "110"]
[EventDate "2021.09.25"]
[EventType "tourn"]
[EventRounds "5"]
[EventCountry "CHI"]
[SourceTitle "EXT 2023"]
[Source "ChessBase"]
[SourceDate "2022.10.05"]
[SourceVersion "1"]
[SourceVersionDate "2022.10.05"]
[SourceQuality "1"]

1. c4 e5 2. Nc3 Nf6 3. g3 d5 4. cxd5 Nxd5 5. Bg2 Be6 6. Nf3 Nc6 7. 0-0 Be7 8. d4 Nxc3 9. bxc3 e4 10. Nd2 f5 11. e3 0-0 12. c4 Na5 13. Qc2 c6 14. Rb1 Rc8 15. Rd1 b5 16. Bf1 a6 17. Bb2 Nb7 18. Ba1 Nd6 19. Rdc1 h5 20. Qb2 Bf7 21. Be2 h4 22. Kg2 Qe8 23. Qc2 Bf6 24. Qb3 f4 25. gxf4 g5 26. fxg5 Bxg5 27. Kh1 Kh7 28. Rg1 Bh6 29. d5 Bg6 30. c5 Rxf2 31. Rbe1 Nf5 32. Nf1 Qd7 33. dxc6 Qxc6 34. Bg4 Rf8 35. Rd1 Qxc5 36. Qe6 Ng7 37. Bxg7 Bxg7 38. Qxa6 Qc4 39. Be2 Qf7 40. Qxb5 Qf5 41. Qxf5 R8xf5 42. Bg4 Ra5 43. Be6 Ra6 44. Bd5 Bh6 45. Rg4 Raf6 46. Kg1 h3 47. Bxe4 Rxf1+ 48. Rxf1 Bxe3+ 49. Rf2 Bxf2+ 50. Kf1 Ba7+ 51. Ke2 Rf2+ 52. Ke1 Bxe4 53. Rxe4 Kg6 54. Ra4 Rxh2 55. Rxa7 Rb2 0-1

[Event "Concepcion BioBio"]
[Site "Concepcion"]
[Date "2021.09.25"]
[Round "2"]
[White "Farfan Ortiz, Victor"]
[Black "Farfan Ortiz, Enrique Alfredo"]
[Result "1/2-1/2"]
[WhiteElo "2113"]
[BlackElo "2161"]
[PlyCount "108"]
[EventDate "2021.09.25"]
[EventType "tourn"]
[EventRounds "5"]
[EventCountry "CHI"]
[SourceTitle "EXT 2023"]
[Source "ChessBase"]
[SourceDate "2022.10.05"]
[SourceVersion "1"]
[SourceVersionDate "2022.10.05"]
[SourceQuality "1"]

1. Nf3 Nf6 2. c4 g6 3. g3 Bg7 4. Bg2 0-0 5. 0-0 d6 6. d4 Nbd7 7. Nc3 e5 8. h3 exd4 9. Nxd4 Re8 10. e4 Nc5 11. Re1 a5 12. Qc2 Bd7 13. Be3 Qc8 14. Kh2 h5 15. f3 c6 16. Rad1 Qc7 17. h4 Nh7 18. Qd2 Re7 19. Nde2 Be5 20. f4 Bxc3 21. Nxc3 Nf6 22. Qxd6 Qxd6 23. Rxd6 Ng4+ 24. Kg1 Nxe3 25. Rxe3 Bg4 26. b3 Kf8 27. Kf2 Rae8 28. Bf3 Bf5 29. Rd4 Ne6 30. Rdd3 Bh3 31. Na4 Nc7 32. Re2 Bc8 33. Red2 f6 34. Rd6 Kf7 35. Nc5 Ne6 36. Nxe6 Bxe6 37. Rd8 a4 38. R2d6 Rxd8 39. Rxd8 axb3 40. axb3 b5 41. Rd6 bxc4 42. bxc4 Bxc4 43. Rxc6 Bd3 44. Ke3 Bxe4 45. Bxe4 f5 46. Rc4 Rxe4+ 47. Rxe4 fxe4 48. Kxe4 Ke6 49. Ke3 Kf6 50. Kf3 Kf5 51. g4+ hxg4+ 52. Kg3 Kf6 53. Kxg4 Kf7 54. Kg5 Kg7 1/2-1/2

[Event "CHI-ch sf"]
[Site "Santiago de Chile"]
[Date "2018.12.07"]
[Round "2.9"]
[White "Cosoi Scherzer, Alejandro"]
[Black "Farfan Ortiz, Enrique Alfredo"]
[Result "0-1"]
[WhiteElo "1943"]
[BlackElo "2185"]
[PlyCount "70"]
[EventDate "2018.12.07"]
[EventType "swiss"]
[EventRounds "8"]
[EventCountry "CHI"]
[SourceTitle "EXT 2024"]
[Source "ChessBase"]
[SourceDate "2023.10.10"]
[SourceVersion "1"]
[SourceVersionDate "2023.10.10"]
[SourceQuality "1"]

1. d4 Nf6 2. Nf3 e6 3. Bf4 b6 4. e3 Bb7 5. Bd3 Be7 6. h3 Ne4 7. Nbd2 f5 8. c3 0-0 9. Qc2 Nxd2 10. Qxd2 d6 11. Bc4 Bd5 12. Qe2 Kh8 13. Bd3 Nd7 14. Bh2 Nf6 15. 0-0 Ne4 16. c4 Bb7 17. Nd2 Nxd2 18. Qxd2 Bg5 19. Rad1 Qf6 20. Qc3 Qg6 21. Qc2 Bf4 22. g3 Bh6 23. f4 Qh5 24. h4 Bf3 25. Rd2 e5 26. Be2 Bxe2 27. Rxe2 Rae8 28. Rfe1 Qg4 29. Kf2 Re7 30. Qd3 Rfe8 31. Qc2 g6 32. d5 Bg7 33. Qd3 Kg8 34. b3 exf4 35. exf4 Bd4+ 0-1

[Event "Lebu op 7th"]
[Site "Lebu"]
[Date "2018.03.30"]
[Round "1.4"]
[White "Manriquez Abarzua, Maria Belen"]
[Black "Farfan Ortiz, Enrique Alfredo"]
[Result "0-1"]
[WhiteElo "1564"]
[BlackElo "2203"]
[PlyCount "64"]
[EventDate "2018.03.30"]
[EventType "swiss"]
[EventRounds "5"]
[EventCountry "CHI"]
[SourceTitle "EXT 2024"]
[Source "ChessBase"]
[SourceDate "2023.10.10"]
[SourceVersion "1"]
[SourceVersionDate "2023.10.10"]
[SourceQuality "1"]

1. e4 c5 2. Nc3 Nc6 3. f4 g6 4. Nf3 Bg7 5. Bc4 e6 6. 0-0 Nge7 7. f5 d5 8. Bb5 dxe4 9. Nxe4 exf5 10. Nc3 0-0 11. d3 a6 12. Ba4 b5 13. Bb3 Nd4 14. Be3 Bb7 15. Qd2 Nxf3+ 16. gxf3 Rc8 17. Bh6 c4 18. dxc4 Bxh6 19. Qxh6 bxc4 20. Ba4 Qb6+ 21. Kh1 Qxb2 22. Rab1 Qxc3 23. Rxb7 Nd5 24. Bd7 Rcd8 25. Be6 Qe3 26. Qxe3 Nxe3 27. Re1 Nxc2 28. Rc1 Ne3 29. Bxc4 Nxc4 30. Rxc4 Rd2 31. Rh4 Re8 32. Rb1 Ree2 0-1

[Event "CHI-ch sf2"]
[Site "Santiago de Chile"]
[Date "2018.01.06"]
[Round "3"]
[White "Farfan Ortiz, Enrique Alfredo"]
[Black "Garcia Cardenas, Pablo"]
[Result "0-1"]
[WhiteElo "2207"]
[BlackElo "2445"]
[PlyCount "95"]
[EventDate "2018.01.05"]
[EventType "swiss"]
[EventRounds "8"]
[EventCountry "CHI"]
[SourceTitle "EXT 2019"]
[Source "ChessBase"]
[SourceDate "2018.10.10"]
[SourceVersion "1"]
[SourceVersionDate "2018.10.10"]
[SourceQuality "1"]

1. Nf3 d5 2. d4 Nf6 3. c4 e6 4. g3 dxc4 5. Qa4+ Nc6 6. Qxc4 Qd5 7. Nbd2 Qxc4 8. Nxc4 Nb4 9. Na3 c5 10. dxc5 Bxc5 11. Bg2 b6 12. Ne5 Rb8 13. 0-0 Bb7 14. Bd2 Bxg2 15. Kxg2 Nbd5 16. Rfd1 Rc8 17. Rac1 0-0 18. Nb5 Ne4 19. Be1 a6 20. Nc3 Ndxc3 21. bxc3 Ba3 22. Rb1 b5 23. Nd7 Rfe8 24. Rd3 Nd6 25. Ne5 f6 26. Nf3 e5 27. Rd5 Ne4 28. Rd7 Re7 29. Rd3 Nc5 30. Rd6 Kf7 31. Nd2 Re6 32. Rd5 Na4 33. Ne4 Be7 34. g4 g6 35. Rbd1 Nb6 36. R5d3 Rec6 37. f3 Nc4 38. Rb1 f5 39. Ng3 fxg4 40. fxg4 Nd6 41. Bd2 e4 42. Rf1+ Ke6 43. Rd4 Rc4 44. Rxc4 Rxc4 45. g5 Ra4 46. Ra1 Nf7 47. h4 e3 48. Bxe3 0-1

[Event "Las Vegas Millionaire op"]
[Site "Las Vegas"]
[Date "2014.10.09"]
[Round "1"]
[White "Fishbein, Alexander"]
[Black "Farfan Ortiz, Enrique Alfredo"]
[Result "1-0"]
[WhiteElo "2472"]
[BlackElo "2187"]
[PlyCount "45"]
[EventDate "2014.10.09"]
[EventType "swiss"]
[EventRounds "9"]
[EventCountry "USA"]
[SourceTitle "CBM 162 Extra"]
[Source "ChessBase"]
[SourceDate "2014.10.17"]
[SourceVersion "1"]
[SourceVersionDate "2014.10.17"]
[SourceQuality "1"]

1. e4 c5 2. Nf3 d6 3. d4 cxd4 4. Nxd4 Nf6 5. Nc3 g6 6. Be2 Bg7 7. 0-0 0-0 8. Nb3 Nc6 9. Bg5 Be6 10. f4 Na5 11. f5 Bc4 12. Kh1 Bxe2 13. Qxe2 Rc8 14. Nd5 Nxd5 15. exd5 Nc4 16. Bxe7 Re8 17. f6 Qd7 18. Qf2 Nxb2 19. Rae1 Nc4 20. Nd2 Nb6 21. Ne4 Rxe7 22. fxe7 Qxe7 23. Nxd6 1-0

[Event "CHI-ch sf Centro"]
[Site "Santiago de Chile"]
[Date "2014.01.26"]
[Round "6"]
[White "Farfan Ortiz, Enrique Alfredo"]
[Black "Alarcon Careaga, Gustavo"]
[Result "0-1"]
[WhiteElo "2256"]
[BlackElo "2141"]
[PlyCount "70"]
[EventDate "2014.01.22"]
[EventType "swiss"]
[EventRounds "7"]
[EventCountry "CHI"]
[SourceTitle "CBM 158 Extra"]
[Source "ChessBase"]
[SourceDate "2014.02.28"]
[SourceVersion "1"]
[SourceVersionDate "2014.02.28"]
[SourceQuality "1"]

1. e4 c5 2. Nf3 d6 3. d4 cxd4 4. Nxd4 Nf6 5. Nc3 a6 6. Bc4 e6 7. Bb3 b5 8. Bg5 Be7 9. Qf3 Qb6 10. 0-0-0 0-0 11. g4 Nbd7 12. Qh3 Nc5 13. Rhe1 Bb7 14. f4 Rfe8 15. e5 dxe5 16. fxe5 Nfe4 17. Bxe7 Rxe7 18. Nxe4 Nxe4 19. c3 b4 20. Bc2 bxc3 21. bxc3 Ng5 22. Qd3 Rc8 23. h4 Ne4 24. Rxe4 Bxe4 25. Qxe4 g6 26. Rd3 Rec7 27. h5 Rxc3 28. Rxc3 Rxc3 29. h6 Kf8 30. Qf4 Rc4 31. Qf6 Qxd4 32. Qg7+ Ke7 33. Qf6+ Ke8 34. Qh8+ Kd7 35. Qxh7 Qf2 0-1

[Event "CHI-ch sf Centro"]
[Site "Santiago de Chile"]
[Date "2014.01.23"]
[Round "2"]
[White "Farfan Ortiz, Enrique Alfredo"]
[Black "Cosoi Scherzer, Alejandro"]
[Result "1-0"]
[WhiteElo "2256"]
[BlackElo "1993"]
[PlyCount "79"]
[EventDate "2014.01.22"]
[EventType "swiss"]
[EventRounds "7"]
[EventCountry "CHI"]
[SourceTitle "CBM 158 Extra"]
[Source "ChessBase"]
[SourceDate "2014.02.28"]
[SourceVersion "1"]
[SourceVersionDate "2014.02.28"]
[SourceQuality "1"]

1. e4 c5 2. Nf3 e6 3. d4 cxd4 4. Nxd4 Nc6 5. Nc3 a6 6. Be3 Qc7 7. Bd3 Nf6 8. 0-0 Ne5 9. h3 Bc5 10. Kh1 d6 11. f4 Nxd3 12. cxd3 b5 13. Rc1 Qb6 14. Nce2 e5 15. fxe5 dxe5 16. b4 Bxd4 17. Bxd4 exd4 18. Rc5 Be6 19. Nxd4 Rd8 20. Qa1 0-0 21. Rxf6 Rxd4 22. Qxd4 Rd8 23. Qf2 Qb8 24. Rf3 Qd6 25. a3 Qe7 26. Qg3 Qb7 27. Qe5 Rf8 28. d4 Bc4 29. d5 a5 30. Qc7 Qa8 31. bxa5 Qe8 32. e5 Qa8 33. d6 Qe4 34. d7 Qe1+ 35. Kh2 Qd2 36. Rxc4 bxc4 37. e6 Qg5 38. exf7+ Kh8 39. Qb8 Qe7 40. Qxf8+ 1-0

[Event "Concepcion 1st"]
[Site "Concepcion"]
[Date "2013.??.??"]
[Round "3"]
[White "Farfan Ortiz, Enrique Alfredo"]
[Black "Zarzuri Jorquera, Rodrigo"]
[Result "1/2-1/2"]
[WhiteElo "2230"]
[BlackElo "2108"]
[PlyCount "106"]
[EventDate "2013.07.19"]
[EventType "tourn"]
[EventRounds "9"]
[EventCountry "CHI"]
[SourceTitle "EXT 2024"]
[Source "ChessBase"]
[SourceDate "2023.10.10"]
[SourceVersion "1"]
[SourceVersionDate "2023.10.10"]
[SourceQuality "1"]

1. e4 c5 2. Nf3 Nc6 3. d4 cxd4 4. Nxd4 Nf6 5. Nc3 d6 6. f3 e5 7. Nb3 Be7 8. Be3 0-0 9. Qd2 a5 10. a4 Nb4 11. 0-0-0 Be6 12. Qf2 Qc8 13. Kb1 d5 14. exd5 Bf5 15. Na1 Rd8 16. Bb5 Nfxd5 17. Nxd5 Nxd5 18. Bc1 Nb4 19. Qe2 Be6 20. Be3 Qc7 21. Rxd8+ Rxd8 22. Rd1 Rc8 23. g4 h5 24. h3 Ba2+ 25. Kc1 Nd5 26. Bd2 Bb3 27. Bxa5 Qxa5 28. Nxb3 Qd8 29. Kb1 Qd6 30. Ka1 hxg4 31. hxg4 e4 32. Qxe4 Bf6 33. Nd4 Nb4 34. c3 Nc6 35. Rh1 g6 36. Nxc6 bxc6 37. Bc4 Kg7 38. Qe3 Kg8 39. Qd3 Qxd3 40. Bxd3 Kf8 41. Re1 Re8 42. Rxe8+ Kxe8 43. Ka2 Bd8 44. Kb3 Kd7 45. Kc4 Kd6 46. Kd4 g5 47. b4 Bb6+ 48. Ke4 f6 49. c4 c5 50. a5 Bc7 51. bxc5+ Kxc5 52. Kf5 Bxa5 53. Kxf6 Bd2 1/2-1/2

[Event "Santiago de Chile Nunoa CC Honor"]
[Site "Santiago de Chile"]
[Date "2012.07.20"]
[Round "5"]
[White "Farfan Ortiz, Enrique Alfredo"]
[Black "Farfan Ortiz, Victor"]
[Result "0-1"]
[WhiteElo "2236"]
[BlackElo "2206"]
[PlyCount "154"]
[EventDate "2012.07.04"]
[EventType "tourn"]
[EventRounds "7"]
[EventCountry "CHI"]
[SourceTitle "EXT 2013"]
[Source "ChessBase"]
[SourceDate "2012.11.22"]
[SourceVersion "1"]
[SourceVersionDate "2012.11.22"]
[SourceQuality "1"]

1. c4 Nf6 2. Nf3 c5 3. Nc3 g6 4. g3 Bg7 5. Bg2 0-0 6. d4 d6 7. 0-0 Nc6 8. d5 Na5 9. Nd2 a6 10. Rb1 Bd7 11. b3 b5 12. Bb2 Rb8 13. Qc2 bxc4 14. bxc4 Rb4 15. Ba3 Rxc4 16. Nxc4 Nxc4 17. Bc1 Qa5 18. Rb7 Re8 19. Qb3 Bc8 20. Ra7 Qb6 21. Qxb6 Nxb6 22. Rd1 Nfd7 23. Bd2 Nc4 24. Be1 Na3 25. Bh3 f5 26. Ra8 Ne5 27. Na4 Nec4 28. Rd3 Bd7 29. Rxa6 Nc2 30. Bc3 Nb4 31. Bxb4 cxb4 32. Nb6 Bb5 33. Ra8 Nxb6 34. Rxe8+ Bxe8 35. a3 Bb5 36. Rb3 bxa3 37. Rxa3 Bxe2 38. Re3 Bc4 39. Rxe7 Bxd5 40. Bg2 Kf8 41. Ra7 Bxg2 42. Kxg2 Nc4 43. Rd7 g5 44. h3 h5 45. h4 g4 46. Kf1 Nd2+ 47. Ke2 Ne4 48. Ke3 Bh6+ 49. Ke2 f4 50. gxf4 Bxf4 51. Rh7 Nf6 52. Rb7 d5 53. Ra7 Bd6 54. Rb7 Be7 55. Rb5 Kf7 56. Ke3 Ke6 57. Kd4 Bd6 58. Ra5 Be5+ 59. Ke3 Kf5 60. Rb5 d4+ 61. Ke2 Ne4 62. Ra5 Kf4 63. Ra8 Bf6 64. Rf8 d3+ 65. Kxd3 Nxf2+ 66. Ke2 Ne4 67. Kf1 Kf3 68. Ra8 g3 69. Ra3+ Bc3 70. Kg1 Kf4 71. Kg2 Bf6 72. Ra5 Be5 73. Rb5 Nc3 74. Rb4+ Kf5 75. Rc4 Nd5 76. Rc8 Kg4 77. Re8 Nf4+ 0-1

[Event "Santiago de Chile Nunoa CC Honor"]
[Site "Santiago de Chile"]
[Date "2012.07.17"]
[Round "4"]
[White "Tapia Fuentes, Jaime"]
[Black "Farfan Ortiz, Enrique Alfredo"]
[Result "1/2-1/2"]
[WhiteElo "2123"]
[BlackElo "2236"]
[PlyCount "97"]
[EventDate "2012.07.04"]
[EventType "tourn"]
[EventRounds "7"]
[EventCountry "CHI"]
[SourceTitle "EXT 2013"]
[Source "ChessBase"]
[SourceDate "2012.11.22"]
[SourceVersion "1"]
[SourceVersionDate "2012.11.22"]
[SourceQuality "1"]

1. e4 c5 2. Nf3 d6 3. d4 cxd4 4. Nxd4 Nf6 5. Nc3 e6 6. Be2 a6 7. Be3 Qc7 8. a4 b6 9. 0-0 Bb7 10. f3 Be7 11. Nb3 Nbd7 12. Rf2 0-0 13. Bf1 d5 14. exd5 Nxd5 15. Nxd5 Bxd5 16. Rd2 Ne5 17. Bf4 Bd6 18. Bg3 Nc4 19. Bxd6 Nxd6 20. Nd4 Rfd8 21. Qe1 Bc4 22. Qe5 Bxf1 23. Rxf1 Rac8 24. c3 Nc4 25. Qxc7 Rxc7 26. Re2 e5 27. Nf5 f6 28. Ne3 Nd2 29. Rd1 Rcd7 30. Kf2 Kf7 31. Ke1 Nb3 32. Rxd7+ Rxd7 33. Nc4 b5 34. axb5 axb5 35. Na3 Rd5 36. Nc2 Ke6 37. Nb4 Rd7 38. f4 Rd6 39. fxe5 fxe5 40. Re3 Nc5 41. Ke2 e4 42. Nc2 Ke5 43. Nd4 b4 44. cxb4 Nd3 45. Nf3+ Kf5 46. Nh4+ Ke5 47. Nf3+ Kf5 48. Nh4+ Ke5 49. Nf3+ 1/2-1/2

[Event "Talcahuano"]
[Site "Talcahuano"]
[Date "2012.07.01"]
[Round "7"]
[White "Farfan Ortiz, Enrique Alfredo"]
[Black "Estay Torreblanca, Oscar"]
[Result "1-0"]
[WhiteElo "2236"]
[BlackElo "2214"]
[PlyCount "67"]
[EventDate "2012.06.02"]
[EventType "tourn"]
[EventRounds "9"]
[EventCountry "CHI"]
[SourceTitle "CBM 149 Extra"]
[Source "ChessBase"]
[SourceDate "2012.08.24"]
[SourceVersion "1"]
[SourceVersionDate "2012.08.24"]
[SourceQuality "1"]

1. c4 e6 2. Nf3 d5 3. g3 Nf6 4. Bg2 Bd6 5. Nc3 0-0 6. 0-0 c6 7. b3 Nbd7 8. Bb2 Qe7 9. Rc1 Ba3 10. Bxa3 Qxa3 11. Qc2 Qd6 12. d4 Re8 13. Rfd1 Qb4 14. Nd2 Nb6 15. a3 Qe7 16. c5 Nbd7 17. e4 e5 18. dxe5 Nxe5 19. exd5 Qxc5 20. b4 Qb6 21. dxc6 Bg4 22. cxb7 Rad8 23. Rf1 Nd3 24. Nc4 Qd4 25. Nb5 Qd7 26. Ncd6 Nxc1 27. Rxc1 Rf8 28. Qc6 a6 29. Qxa6 Be2 30. h3 Rb8 31. Qc6 Qe6 32. Qc7 Qe5 33. Qxb8 Bxb5 34. Qxf8+ 1-0

[Event "Talcahuano"]
[Site "Talcahuano"]
[Date "2012.07.01"]
[Round "6"]
[White "Farfan Ortiz, Victor"]
[Black "Farfan Ortiz, Enrique Alfredo"]
[Result "0-1"]
[WhiteElo "2206"]
[BlackElo "2236"]
[PlyCount "66"]
[EventDate "2012.06.02"]
[EventType "tourn"]
[EventRounds "9"]
[EventCountry "CHI"]
[SourceTitle "CBM 149 Extra"]
[Source "ChessBase"]
[SourceDate "2012.08.24"]
[SourceVersion "1"]
[SourceVersionDate "2012.08.24"]
[SourceQuality "1"]

1. c4 c5 2. Nc3 Nc6 3. g3 g6 4. Bg2 Bg7 5. e3 e6 6. Nge2 Nge7 7. 0-0 0-0 8. Nf4 b6 9. a3 a5 10. Rb1 Bb7 11. b3 Qb8 12. Bb2 Rd8 13. Qc2 Ne5 14. f3 d5 15. Nb5 Nf5 16. Ne2 a4 17. cxd5 axb3 18. Qxb3 Bxd5 19. Qc2 Bc6 20. Bc3 Bxb5 21. Rxb5 Rxa3 22. Rfb1 Nd7 23. Bxg7 Nxg7 24. Nc3 Nf5 25. Na4 Qd6 26. R1b2 Nd4 27. Qc4 Ne5 28. Qf1 Nxb5 29. Qxb5 Ra1+ 30. Bf1 Nxf3+ 31. Kf2 Nxd2 32. Bg2 Qe5 33. Qxb6 Qf6+ 0-1

[Event "Talcahuano"]
[Site "Talcahuano"]
[Date "2012.06.30"]
[Round "5"]
[White "Rojas Sepulveda, Eduardo"]
[Black "Farfan Ortiz, Enrique Alfredo"]
[Result "1/2-1/2"]
[WhiteElo "2315"]
[BlackElo "2236"]
[PlyCount "85"]
[EventDate "2012.06.02"]
[EventType "tourn"]
[EventRounds "9"]
[EventCountry "CHI"]
[SourceTitle "CBM 149 Extra"]
[Source "ChessBase"]
[SourceDate "2012.08.24"]
[SourceVersion "1"]
[SourceVersionDate "2012.08.24"]
[SourceQuality "1"]

1. d4 Nf6 2. Nf3 c5 3. d5 g6 4. Nc3 Bg7 5. e4 d6 6. Bg5 h6 7. Bf4 0-0 8. h3 b5 9. Qd3 b4 10. Nd1 e6 11. dxe6 Bxe6 12. Be2 d5 13. exd5 Nxd5 14. Be5 Bf5 15. Qd2 Re8 16. Bxg7 Kxg7 17. 0-0 Nc6 18. Bc4 Nc7 19. Qxd8 Raxd8 20. Ne3 Be4 21. Ne1 Ne5 22. a3 a5 23. axb4 axb4 24. Ra5 Nxc4 25. Nxc4 Ne6 26. f3 Ba8 27. Nd3 b3 28. Ne1 Rd1 29. Ne3 Rb1 30. Nd3 Rxf1+ 31. Kxf1 c4 32. Ne5 Nd4 33. c3 Nc2 34. N3xc4 Rd8 35. Ke2 Bd5 36. Ne3 Be6 37. g4 Nxe3 38. Kxe3 Rd1 39. Rc5 Rh1 40. c4 Rxh3 41. Rb5 Kf6 42. Kd4 h5 43. gxh5 1/2-1/2

[Event "Talcahuano"]
[Site "Talcahuano"]
[Date "2012.06.02"]
[Round "2"]
[White "Farfan Ortiz, Enrique Alfredo"]
[Black "Vizama Riveros, Claudio"]
[Result "0-1"]
[WhiteElo "2236"]
[BlackElo "2256"]
[PlyCount "74"]
[EventDate "2012.06.02"]
[EventType "tourn"]
[EventRounds "9"]
[EventCountry "CHI"]
[SourceTitle "CBM 149 Extra"]
[Source "ChessBase"]
[SourceDate "2012.08.24"]
[SourceVersion "1"]
[SourceVersionDate "2012.08.24"]
[SourceQuality "1"]

1. e4 e5 2. Nf3 Nf6 3. Nxe5 d6 4. Nf3 Nxe4 5. d4 d5 6. Bd3 Nc6 7. 0-0 Bg4 8. Re1 Be7 9. c3 f5 10. Nbd2 0-0 11. Qb3 Na5 12. Qc2 Nc6 13. Qb3 Na5 14. Qb5 c6 15. Qa4 b5 16. Qc2 Bd6 17. Ne5 Qc7 18. Nf1 Bxe5 19. dxe5 Nc5 20. h3 Nxd3 21. Qxd3 Bh5 22. b3 f4 23. Ba3 Rfe8 24. Bb4 Nb7 25. c4 a5 26. Bc3 Nc5 27. Qd2 dxc4 28. bxc4 b4 29. Bb2 Rad8 30. Qxf4 Nd3 31. Qg5 Qf7 32. e6 Qxf2+ 33. Kh1 Bg6 34. Re3 Qxb2 35. e7 Rd7 36. Rae1 Nxe1 37. Rxe1 Qf6 0-1

[Event "Fuerzas del Sur"]
[Site "Fuerzas del Sur"]
[Date "2012.02.09"]
[Round "2"]
[White "Salinas Herrera, Pablo Patricio"]
[Black "Farfan Ortiz, Enrique Alfredo"]
[Result "1-0"]
[WhiteElo "2351"]
[BlackElo "2246"]
[PlyCount "69"]
[EventDate "2012.02.09"]
[EventType "tourn"]
[EventRounds "7"]
[EventCountry "CHI"]
[SourceTitle "CBM 147 Extra"]
[Source "ChessBase"]
[SourceDate "2012.04.24"]
[SourceVersion "1"]
[SourceVersionDate "2012.04.24"]
[SourceQuality "1"]

1. d4 Nf6 2. Nf3 c5 3. e3 g6 4. Nbd2 cxd4 5. exd4 Bg7 6. Be2 0-0 7. 0-0 Nc6 8. Nc4 d5 9. Nce5 Nxe5 10. dxe5 Ne4 11. h3 Be6 12. Bf4 Qc7 13. Bd3 Rad8 14. Qe2 Qb6 15. Be3 Qa5 16. Bd4 Nc5 17. Qe3 Nxd3 18. cxd3 b6 19. Bc3 Qa4 20. Nd4 Bc8 21. b3 Qd7 22. Bb4 Ba6 23. Rfe1 Rfe8 24. e6 fxe6 25. Nxe6 Bxa1 26. Rxa1 Rf8 27. Qe5 Rf7 28. Nxd8 Qxd8 29. Re1 Bxd3 30. Bxe7 Qd7 31. Qb8+ Kg7 32. Bd6 Qf5 33. f4 Be4 34. Qd8 Kh6 35. g4 1-0